MODELLING OF INDUCTION MOTORS IN TRANSIENT OPERATION USING FINITE ELEMENT METHOD

Bibliographic Details
Main Authors: Roger Folch, J. (Author), Lázaro Joares, V. J. (Author)
Format: Article
Language:English
ISBN:8096724932

MARC

LEADER 00000naa a2200000uu 4500
001 vtls010955326
003 SK-MaSNL
005 20260302140047.0
008 210905|1996 xo |||||||||||||||||eng|
015 |a SNBRA 
035 |a (urnnbn)urn:nbn:sk:snk:ar-a0bn43 
035 |a (uuid)a0dc0513-d6ae-4a9e-a95c-e75398a91df5 
035 |a urn:nbn:sk:snk-aauf2a 
040 |a SNKBUCL  |b slo  |c SNKBUCL  |e AACR2 
041 0 |a eng 
044 |a xo  |c SK 
100 1 |a Roger Folch, J.  |4 aut  |9 825802 
245 1 0 |a MODELLING OF INDUCTION MOTORS IN TRANSIENT OPERATION USING FINITE ELEMENT METHOD  |c J. Roger Folch, V. J. Lázaro Joares 
700 1 |a Lázaro Joares, V. J.  |4 aut  |9 825803 
773 0 |t International conference on Electrical drives and power electronics  |d Košice : Vienala, 1996  |g S. 221-226  |z 8096724932 
958 |a OND 
958 |a article11 
958 |a chapter 
999 |c 1329113  |d 1331043